000 00442nam a2200181Ia 4500
001 2307
005 20260306144757.0
008 260306t2007||||xx |||||||||||||| ||spa||
041 _aESP
082 _a616.858
_bO652
100 _aOldham, John M.,
_eAUT
245 0 _aTratado de los trastornos de la personalidad
260 _c2007
300 _axx, 709 páginas :
_c28 cm.
650 _aGEN
654 _aCPS
942 _cLIB
_dJUS
_fJUS
_2ddc
_n
999 _c2307
_d2307